<?xml version="1.0" encoding="UTF-8"?>
<record
    xmlns:xsi="http://www.w3.org/2001/XMLSchema-instance"
    xsi:schemaLocation="http://www.loc.gov/MARC21/slim http://www.loc.gov/standards/marcxml/schema/MARC21slim.xsd"
    xmlns="http://www.loc.gov/MARC21/slim">

  <leader>03250nam a2200433 u 4500</leader>
  <controlfield tag="001">1203981</controlfield>
  <controlfield tag="005">20260508065949.0</controlfield>
  <controlfield tag="007">co|||||||</controlfield>
  <controlfield tag="008">100616s2009                        spa  </controlfield>
  <datafield tag="035" ind1=" " ind2=" ">
    <subfield code="a">1203981</subfield>
  </datafield>
  <datafield tag="040" ind1=" " ind2=" ">
    <subfield code="c">comduadb</subfield>
  </datafield>
  <datafield tag="041" ind1=" " ind2=" ">
    <subfield code="a">spa</subfield>
  </datafield>
  <datafield tag="080" ind1=" " ind2=" ">
    <subfield code="a">Q/CD</subfield>
  </datafield>
  <datafield tag="082" ind1=" " ind2="4">
    <subfield code="a">361</subfield>
  </datafield>
  <datafield tag="100" ind1="1" ind2="0">
    <subfield code="a">Molina Garcia, Helen</subfield>
    <subfield code="4">aut</subfield>
    <subfield code="e">aut</subfield>
    <subfield code="9">566441</subfield>
  </datafield>
  <datafield tag="245" ind1="1" ind2="0">
    <subfield code="a">Atencion integral a las familias desplazadas provenientes del Choco asentadas en Medellin con base en la ley 387/97</subfield>
  </datafield>
  <datafield tag="260" ind1=" " ind2=" ">
    <subfield code="a">Medell&#xED;n :</subfield>
    <subfield code="b">[sin publicador],</subfield>
    <subfield code="c">2009.</subfield>
  </datafield>
  <datafield tag="300" ind1=" " ind2=" ">
    <subfield code="a">1 CD-ROM</subfield>
  </datafield>
  <datafield tag="520" ind1="3" ind2=" ">
    <subfield code="a">Este trabajo de grado analiz&#xF3; la atenci&#xF3;n integral a las familias
desplazadas provenientes del Choc&#xF3; asentadas en Medell&#xED;n, con base en la Ley 387 de 1997. Se realiz&#xF3; por un inter&#xE9;s de conocer la manera c&#xF3;mo se restablecen sus derechos desde la atenci&#xF3;n integral.

Una de las categor&#xED;as m&#xE1;s importantes data de la cultura chocoana, de la cual provienen gran n&#xFA;mero de desplazados asentados en Medell&#xED;n, y los aspectos que se tuvieron en cuenta fueron: Costumbres, ideolog&#xED;as, tradiciones y rituales, as&#xED; mismo el desarrollo de cada uno de estos describi&#xF3; caracter&#xED;sticas como: la alimentaci&#xF3;n, la socializaci&#xF3;n, los medios de empleo, entre otros, con los que contaban antes de desplazarse a la ciudad.

La segunda categor&#xED;a se bas&#xF3; en las caracter&#xED;sticas familiares de los chocoanos y la forma en que cambiaron y transformaron despu&#xE9;s del desplazamiento. Identificando entonces la estructura y el funcionamiento en su interior, al igual que la poblaci&#xF3;n con mayor vulnerabilidad (mujeres embarazadas, adultos y adultas mayores, ni&#xF1;os y ni&#xF1;as).

La &#xFA;ltima categor&#xED;a describi&#xF3; y analiz&#xF3; la atenci&#xF3;n integral basada en la ley 387/97 desde el restablecimiento de los derechos humanos, civiles y pol&#xED;ticos. En este sentido se incluy&#xF3; todo lo referente a la prevenci&#xF3;n, atenci&#xF3;n de emergencia, atenci&#xF3;n, protecci&#xF3;n, reubicaci&#xF3;n, consolidaci&#xF3;n socioecon&#xF3;mica y retorno a su poblaci&#xF3;n de origen.

Por &#xFA;ltimo se dan a conocer algunas consideraciones importantes desde Trabajo Social para favorecer m&#xE1;s efectivamente la restituci&#xF3;n de los derechos de las familias desplazadas del Choc&#xF3;, algunas recomendaciones y conclusiones que surgieron a partir de la investigaci&#xF3;n para nutrir otras posteriores referentes al mismo tema.


</subfield>
  </datafield>
  <datafield tag="650" ind1=" " ind2=" ">
    <subfield code="a">Atenci&#xF3;n integral a la poblaci&#xF3;n desplazada</subfield>
    <subfield code="9">179277</subfield>
  </datafield>
  <datafield tag="650" ind1=" " ind2=" ">
    <subfield code="a">Atenci&#xF3;n integral</subfield>
    <subfield code="9">24240</subfield>
  </datafield>
  <datafield tag="650" ind1=" " ind2="7">
    <subfield code="a">Multiculturalismo</subfield>
    <subfield code="2">embne</subfield>
    <subfield code="9">176939</subfield>
  </datafield>
  <datafield tag="650" ind1=" " ind2="7">
    <subfield code="a">Derechos humanos</subfield>
    <subfield code="2">lemb</subfield>
    <subfield code="9">30097</subfield>
  </datafield>
  <datafield tag="650" ind1=" " ind2="7">
    <subfield code="a">Derechos civiles</subfield>
    <subfield code="2">lemb</subfield>
    <subfield code="9">43888</subfield>
  </datafield>
  <datafield tag="650" ind1=" " ind2="7">
    <subfield code="a">Derechos pol&#xED;ticos</subfield>
    <subfield code="2">lemb</subfield>
    <subfield code="9">5211</subfield>
  </datafield>
  <datafield tag="650" ind1=" " ind2=" ">
    <subfield code="a">Prevenci&#xF3;n de emergencias</subfield>
    <subfield code="9">41302</subfield>
  </datafield>
  <datafield tag="650" ind1=" " ind2=" ">
    <subfield code="a">Atenci&#xF3;n a desplazados</subfield>
    <subfield code="9">155634</subfield>
  </datafield>
  <datafield tag="650" ind1=" " ind2=" ">
    <subfield code="a">Trabajo social con desplazados</subfield>
    <subfield code="9">133273</subfield>
  </datafield>
  <datafield tag="650" ind1=" " ind2=" ">
    <subfield code="a">Chocoanos (Colombia)</subfield>
    <subfield code="9">18273</subfield>
  </datafield>
  <datafield tag="650" ind1=" " ind2=" ">
    <subfield code="a">Ley 387 de 1997</subfield>
    <subfield code="9">39711</subfield>
  </datafield>
  <datafield tag="650" ind1=" " ind2="7">
    <subfield code="a">Antropolog&#xED;a de la educaci&#xF3;n</subfield>
    <subfield code="2">lemb</subfield>
    <subfield code="9">10118</subfield>
  </datafield>
  <datafield tag="700" ind1="1" ind2="0">
    <subfield code="a">Otero Vega, Norma Elena</subfield>
    <subfield code="4">aut</subfield>
    <subfield code="e">aut</subfield>
    <subfield code="9">560057</subfield>
  </datafield>
  <datafield tag="700" ind1="1" ind2="0">
    <subfield code="a">Rodriguez Pineda, Bibiana Alexandra</subfield>
    <subfield code="4">aut</subfield>
    <subfield code="e">aut</subfield>
    <subfield code="9">600736</subfield>
  </datafield>
  <datafield tag="700" ind1="1" ind2="0">
    <subfield code="a">Aguirre Osorio, Luz Edilma</subfield>
    <subfield code="4">ths</subfield>
    <subfield code="e">ths</subfield>
    <subfield code="9">545601</subfield>
  </datafield>
  <datafield tag="700" ind1="1" ind2="0">
    <subfield code="a">Agudelo Gil, Luz Miriam</subfield>
    <subfield code="4">ths</subfield>
    <subfield code="e">ths</subfield>
    <subfield code="9">661722</subfield>
  </datafield>
  <datafield tag="942" ind1=" " ind2=" ">
    <subfield code="c">TESIS</subfield>
  </datafield>
  <datafield tag="999" ind1=" " ind2=" ">
    <subfield code="c">553710</subfield>
    <subfield code="d">553710</subfield>
  </datafield>
  <datafield tag="502" ind1=" " ind2=" ">
    <subfield code="b">107</subfield>
    <subfield code="c">12</subfield>
  </datafield>
  <datafield tag="526" ind1=" " ind2=" ">
    <subfield code="a">108</subfield>
  </datafield>
  <datafield tag="952" ind1=" " ind2=" ">
    <subfield code="0">0</subfield>
    <subfield code="1">0</subfield>
    <subfield code="4">0</subfield>
    <subfield code="7">0</subfield>
    <subfield code="8">DIGITAL</subfield>
    <subfield code="a">CISH</subfield>
    <subfield code="b">CISH</subfield>
    <subfield code="d">2010-06-21</subfield>
    <subfield code="i">C1089902</subfield>
    <subfield code="l">0</subfield>
    <subfield code="o">Q/CD-07914</subfield>
    <subfield code="p">0624098</subfield>
    <subfield code="r">2023-04-30 00:00:00</subfield>
    <subfield code="t">1</subfield>
    <subfield code="w">2023-04-30</subfield>
    <subfield code="y">DIGITAL</subfield>
  </datafield>
  <datafield tag="952" ind1=" " ind2=" ">
    <subfield code="0">0</subfield>
    <subfield code="1">0</subfield>
    <subfield code="4">0</subfield>
    <subfield code="7">0</subfield>
    <subfield code="8">TESDIGBC</subfield>
    <subfield code="a">BC</subfield>
    <subfield code="b">BC</subfield>
    <subfield code="d">2010-06-17</subfield>
    <subfield code="e">Material adquirido por donaci&#xF3;n</subfield>
    <subfield code="i">C1089631</subfield>
    <subfield code="l">0</subfield>
    <subfield code="o">361.614 M722 CD-ROM</subfield>
    <subfield code="p">0737814</subfield>
    <subfield code="r">2023-04-30 00:00:00</subfield>
    <subfield code="t">1</subfield>
    <subfield code="w">2023-04-30</subfield>
    <subfield code="y">DIGITAL</subfield>
  </datafield>
</record>
